Pesticídy v životnom a pracovnom prostredí

Salvato in:
Dettagli Bibliografici
Autore principale: Mihalovič, Mário (Autore)
Altri autori: Sirotiak, Maroš (Relatore della tesi)
Natura: Manoscritto Libro
Lingua:slovacco
Pubblicazione: 2016
Soggetti:
Accesso online:http://is.stuba.sk/zp/portal_zp.pl?podrobnosti=132102
Tags: Aggiungi Tag
Nessun Tag, puoi essere il primo ad aggiungerne!!

MARC

LEADER 00000ntm a22000003a 4500
001 stuzp58094
003 SK-STU
005 20160719155449.2
007 ta
008 150427s2015----xo-----f-mn---000-0-slo-d
040 |a STU  |b slo 
041 0 |a slo 
100 1 |a Mihalovič, Mário  |u 065000  |4 aut  |U MTF Materiálovotechnologická fakulta  |T MTF Ústav integrovanej bezpečnosti  |X 71647  |U M5000  |Y 85  |7 71647 
242 0 1 |a Pesticides in the environment and working surroundings  |y eng 
245 1 0 |a Pesticídy v životnom a pracovnom prostredí 
260 |c 2016 
650 4 |a pesticídy  |2 slo 
650 4 |a toxicita  |2 slo 
650 4 |a insekticídy  |2 slo 
650 4 |a metódy stanovenia pesticídov  |2 slo 
650 4 |a životné prostredie  |2 slo 
650 4 |a pesticides  |2 eng 
650 4 |a toxicity  |2 eng 
650 4 |a insecticides  |2 eng 
650 4 |a methods of determination of the pesticides  |2 eng 
650 4 |a environment  |2 eng 
700 1 |a Sirotiak, Maroš  |u 065100  |k Z1  |4 ths  |U MTF Ústav integrovanej bezpečnosti  |T MTF Katedra environmentálneho inžinierstva  |X 3580  |U M5100  |Y 194  |7 A000003580 
856 4 |u http://is.stuba.sk/zp/portal_zp.pl?podrobnosti=132102 
996 |c M* BP-7514  |l MMSKP  |s P  |a 0  |w stuzp58094_0001 
SQL |a stuzp58094  |b DBP  |c SLO  |d Pesticídy v životnom a pracovnom prostredí  |e 71647  |f Mihalovič, Mário  |g 065000  |h 3580  |i Sirotiak, Maroš  |j 20160621  |k 1486  |l 06  |m http://is.stuba.sk/zp/portal_zp.pl?podrobnosti=132102  |n B-IBE  |o 8.3.5. bezpečnosť a ochrana zdravia pri práci